|
|
แสดงรายละเอียดบรรณานุกรม |
|
|
Brief Record
: Get Marc (ISO 2709)
: E-mail record
: |
| LEADER 00000nama 2200000uu 4500 | |||
| 001 179789 | |||
| 003 ULIBM | |||
| 008 040531s2540 th m m a000 0 tha d | |||
| 041 tha | |||
| 050 WY157.3 ส142ค | |||
| 100 สงวนศรี พิฑูรพงศ์ | |||
| 245 คู่มือการพยาบาลเด็ก/สงวนศรี พิฑูรพงศ์ 001 | |||
| 260 อุบลราชธานี ภาควิชาการพยาบาลกุมารเวช วิทยาลัยพยาบาลบรมราชชนนี สรรพสิทธิประสงค์ 2540 | |||
| 300 70 หน้า | |||
| 650 การพยาบาลกุมารเวชศาสตร์ วิทยาลัยพยาบาลบรมราชชนนี สรรพสิทธิประสงค์ชื่อเรื่อง | |||
| 998 1999-01-19 | |||
| คุณยังไม่ได้ล็อกอิน คุณสามารถมีกิจกรรมร่วมกับเว็บไซต์ได้ แต่ต้องล็อกอินก่อน :: |
|
| สถานะ | |||||||||
| 1. | หนังสือทั่วไป | WY157.3 ส142ค 2540 | On Shelf ขอยืม | ||||||
| [แสดง 1/1 รายการ] | |||||||||
| รายการใกล้เคียง ผู้แต่ง [สงวนศรี พิฑูรพงศ์] |
BibComment |
| คอมเมนท์ทรัพยากรรายการนี้ |
|
|